| 000 | 00000nam 2200000za 4500 |
| 001 | 9.849084 |
| 003 | CaOODSP |
| 005 | 20250203101146 |
| 007 | cr ||||||||||| |
| 008 | 171220s2018 bcca o f000 0 ||| d |
| 020 | |a9780660243412 |
| 040 | |aCaOODSP|beng |
| 041 | 7|aikt|2iso639-3 |
| 043 | |an-cn--- |
| 086 | 1 |aCP32-163/1-1-2017Ikt-PDF|zCP32-163/1-1-2017Inq-PDF |
| 110 | 2 |aNational Inquiry into Missing and Murdered Indigenous Women and Girls (Canada) |
| 245 | 10|a[Executive summary from the interim report, Our Women and Girls are Sacred] |h[electronic resource] / |c[National Enquiry into Missing and Murdered Indigenous Women and Girls]. |
| 246 | 16|a[Our women and girls are sacred] : |b[executive summary of the interim report] |
| 250 | |a[Inuinnaqtun edition]. |
| 260 | |aVancouver : |bNational Enquiry into Missing and Murdered Indigenous Women and Girls, |c2018. |
| 300 | |a[16] p. : |bcol. ill. |
| 500 | |aCover title. |
| 500 | |aEnglish title provided by publisher. |
| 500 | |aIssued also in English under title: Executive summary from the interim report, Our Women and Girls are Sacred. |
| 520 | |a"This Interim Report outlines what the National Enquiry into Missing and Murdered Indigenous Women and Girls has accomplished to date, acknowledges challenges, makes recommendations, and serves as a blueprint for moving the National Inquiry forward"--Provided by publisher. |
| 546 | |aText in Inuinnaqtun. |
| 692 | 07|2gccst|aAboriginal peoples |
| 692 | 07|2gccst|aViolence against women |
| 692 | 07|2gccst|aCommissions of inquiry |
| 710 | 1 |aCanada. |bPrivy Council Office. |
| 775 | 08|tExecutive summary from the interim report, Our Women and Girls are Sacred |w(CaOODSP)9.849077 |
| 792 | |t[Résumé du rapport d'étape, Nos femmes et nos filles sont sacrées] |efre|w(CaOODSP)9.849085 |
| 856 | 40|qPDF|s6.44 MB|uhttps://publications.gc.ca/collections/collection_2018/ffada-mmiwg/CP32-163-1-1-2017-inq.pdf |